01067nas a2200241Ia 4500001001100000003000900011008004100020040001300061040001300074041001300087100003800100210003000138222003000168245011100198250001100309260004900320501008600369300002600455310001200481362003200493500026400525650003600789R031/20396IT-RoPAU151124c99999999xx |||||||||||| ||und|| aIT-RoPAU cIT-RoPAU aITALIANO aAA.VV. gCodice Aut. SPICS: 12000 aRIVISTA DEL CINEMATOGRAFO aRivista Del Cinematografo aRIVISTA DEL CINEMATOGRAFO, ANNO 27-N.03 (MARZO 1954)bRivista Del Cinematografo, Anno 27-N.03 (Marzo 1954) a1a ed. aROMAbCENTRO CATTOLICO CINEMATOGRAFICOc1954 bPaulus - SPICS - Società San Paolo EM (non-commercial uses only)cCopyright2015 a36 p., prefazione [4] aMENSILE aANNO 027, N.03 (MARZO 1954) aSocialità e Moralità del Cinema Italiano. Cinema Europeo: Cofinanziamenti ma Non Coproduzioni. Specifici Filmici. Georges Melies. Riflessioni su Alessandro Blasetti e Sul Suo Cinema. Situazione del Film per Ragazzi. Note Sulle Prime Visioni: Ha Ballato un aCINEMAvPUBBLICAZIONE PERIODICA